[Event "St Petersburg Zak Memorial"]
[Site "St Petersburg"]
[Date "2007.03.26"]
[Round "3"]
[White "Timofeev, Andrei"]
[Black "Hort, Artur"]
[Result "1/2-1/2"]
[WhiteElo "2335"]
[BlackElo "2125"]
[PlyCount "71"]
[EventDate "2007.03.24"]
[EventType "team"]
[EventRounds "9"]
[EventCountry "RUS"]
[SourceTitle "CBM 117 Extra"]
[Source "ChessBase"]
[SourceDate "2007.05.09"]
[SourceVersion "1"]
[SourceVersionDate "2007.05.09"]
[SourceQuality "1"]

1. c4 Nf6 2. Nc3 g6 3. g3 Bg7 4. Bg2 d6 5. d3 0-0 6. e3 Nbd7 7. Nge2 c6 8. Rb1 a5 9. a3 e5 10. b4 axb4 11. axb4 Re8 12. Bd2 Nf8 13. e4 Be6 14. 0-0 d5 15. exd5 cxd5 16. c5 Rc8 17. Bg5 Qd7 18. Qa4 Rc6 19. Rfd1 h6 20. d4 e4 21. b5 Rcc8 22. Qb4 Bg4 23. Rd2 Ne6 24. Ra2 Rcd8 25. h3 Bf3 26. Ra7 Qc8 27. h4 Nxc5 28. Qxc5 Qxc5 29. dxc5 d4 30. Nxe4 Bxe4 31. Bxe4 Rxe4 32. Kf1 d3 33. Ng1 Rc4 34. Nf3 Rxc5 35. Rxb7 d2 36. Rd1 1/2-1/2

[Event "St Petersburg Zak Memorial"]
[Site "St Petersburg"]
[Date "2007.03.24"]
[Round "1"]
[White "Kosov, Igor"]
[Black "Hort, Artur"]
[Result "0-1"]
[WhiteElo "1745"]
[BlackElo "2125"]
[PlyCount "50"]
[EventDate "2007.03.24"]
[EventType "team"]
[EventRounds "9"]
[EventCountry "RUS"]
[SourceTitle "CBM 117 Extra"]
[Source "ChessBase"]
[SourceDate "2007.05.09"]
[SourceVersion "1"]
[SourceVersionDate "2007.05.09"]
[SourceQuality "1"]

1. d4 Nf6 2. c4 g6 3. Nc3 Bg7 4. e4 d6 5. f3 0-0 6. Be3 c6 7. Bd3 a6 8. Nge2 b5 9. Qd2 Nbd7 10. 0-0 Bb7 11. c5 dxc5 12. dxc5 Qc7 13. b4 a5 14. a3 Rfd8 15. Bf4 Qc8 16. Rfd1 Nh5 17. Bh6 Ne5 18. Bxg7 Rxd3 19. Bxe5 Rxd2 20. Rxd2 axb4 21. Nb1 f6 22. Bb2 bxa3 23. Nxa3 Ng7 24. Rad1 Ne6 25. Rd7 Kf7 0-1

[Event "St Petersburg Winter op"]
[Site "St Petersburg"]
[Date "2007.02.08"]
[Round "9"]
[White "Vunder, Andrei"]
[Black "Hort, Artur"]
[Result "1-0"]
[WhiteElo "2255"]
[BlackElo "2125"]
[PlyCount "65"]
[EventDate "2007.01.29"]
[EventType "swiss"]
[EventRounds "9"]
[EventCountry "RUS"]
[SourceTitle "EXT 2008"]
[Source "ChessBase"]
[SourceDate "2007.11.25"]
[SourceVersion "1"]
[SourceVersionDate "2007.11.25"]
[SourceQuality "1"]

1. d4 Nf6 2. Nf3 g6 3. Bg5 Bg7 4. Nbd2 d6 5. c3 Nbd7 6. e4 0-0 7. Be2 c5 8. 0-0 Rb8 9. a4 b6 10. Re1 h6 11. Bh4 cxd4 12. cxd4 Bb7 13. Bf1 Nh5 14. Nc4 Ndf6 15. d5 Qd7 16. Nd4 Rbc8 17. f3 Nh7 18. Bf2 Qc7 19. Qb3 N5f6 20. a5 Nd7 21. Nb5 Nc5 22. Qa3 Qd7 23. Nxa7 Ra8 24. Nxb6 Qc7 25. Nxa8 Rxa8 26. Nb5 Qd7 27. Nd4 Qd8 28. b4 Nd7 29. Rac1 Nhf8 30. Nc6 Bxc6 31. dxc6 Ne5 32. b5 Ne6 33. b6 1-0

[Event "St Petersburg Winter op"]
[Site "St Petersburg"]
[Date "2007.02.07"]
[Round "8"]
[White "Hort, Artur"]
[Black "Vunder, Yakov"]
[Result "1-0"]
[WhiteElo "2125"]
[BlackElo "2242"]
[PlyCount "75"]
[EventDate "2007.01.29"]
[EventType "swiss"]
[EventRounds "9"]
[EventCountry "RUS"]
[SourceTitle "EXT 2008"]
[Source "ChessBase"]
[SourceDate "2007.11.25"]
[SourceVersion "1"]
[SourceVersionDate "2007.11.25"]
[SourceQuality "1"]

1. d4 d5 2. c4 e6 3. Nc3 Be7 4. Nf3 Nf6 5. Bg5 0-0 6. e3 Nbd7 7. cxd5 Nxd5 8. Bxe7 Qxe7 9. Nxd5 exd5 10. Bd3 c6 11. 0-0 Rd8 12. Rb1 a5 13. Qc2 Nf8 14. Rfe1 Be6 15. b3 Rac8 16. Rbc1 Ng6 17. Qc5 Qc7 18. Qc3 Bg4 19. Bxg6 Bxf3 20. Bf5 Be4 21. Bxc8 Qxc8 22. f3 Bf5 23. Qxa5 Rd6 24. e4 dxe4 25. fxe4 Bg4 26. d5 h5 27. Re3 Qe8 28. dxc6 bxc6 29. h3 Bd1 30. Re1 Qd7 31. Qf5 Qd8 32. e5 Rd7 33. e6 fxe6 34. Qxe6+ Kh7 35. Rxc6 Bc2 36. Rxc2 Rd1 37. Rce2 Qd4+ 38. Kh1 1-0

[Event "St Petersburg Autumn op"]
[Site "St Petersburg"]
[Date "2006.11.04"]
[Round "5"]
[White "Nikolaev, Vadim S"]
[Black "Hort, Artur"]
[Result "1/2-1/2"]
[WhiteElo "2255"]
[BlackElo "2125"]
[PlyCount "81"]
[EventDate "2006.10.31"]
[EventType "swiss"]
[EventRounds "9"]
[EventCountry "RUS"]
[SourceTitle "EXT 2007"]
[Source "ChessBase"]
[SourceDate "2006.11.23"]
[SourceVersion "1"]
[SourceVersionDate "2006.11.23"]
[SourceQuality "1"]

1. d4 Nf6 2. Nf3 g6 3. b3 Bg7 4. Bb2 d6 5. Nbd2 0-0 6. e3 Nbd7 7. h3 c6 8. a4 Qc7 9. Nc4 Ne4 10. Bd3 Ndf6 11. 0-0 Re8 12. Qb1 b6 13. c3 d5 14. Nce5 Bb7 15. c4 c5 16. cxd5 Bxd5 17. Rc1 Qb7 18. Bc4 Red8 19. Ba3 cxd4 20. exd4 Nd6 21. Qc2 Rac8 22. Qe2 Nxc4 23. bxc4 Bxf3 24. Nxf3 e6 25. Bb2 Rc7 26. a5 Rdc8 27. axb6 axb6 28. Ra3 Ne8 29. Rb3 Rb8 30. Ra1 Qc8 31. Ra4 Nd6 32. Rbb4 b5 33. cxb5 Rcb7 34. d5 Bxb2 35. Rxb2 exd5 36. Nd4 Qc1+ 37. Kh2 Re8 38. Qd2 Qxd2 39. Rxd2 Nxb5 40. Rb4 Nd6 41. Nc2 1/2-1/2

[Event "St Petersburg Autumn op"]
[Site "St Petersburg"]
[Date "2006.11.01"]
[Round "2"]
[White "Vunder, Andrei"]
[Black "Hort, Artur"]
[Result "0-1"]
[WhiteElo "2284"]
[BlackElo "2125"]
[PlyCount "80"]
[EventDate "2006.10.31"]
[EventType "swiss"]
[EventRounds "9"]
[EventCountry "RUS"]
[SourceTitle "EXT 2007"]
[Source "ChessBase"]
[SourceDate "2006.11.23"]
[SourceVersion "1"]
[SourceVersionDate "2006.11.23"]
[SourceQuality "1"]

1. d4 Nf6 2. Nf3 g6 3. c4 Bg7 4. Nc3 d6 5. Bg5 Nbd7 6. e3 c6 7. Be2 a6 8. 0-0 0-0 9. a3 Rb8 10. Qc2 b5 11. Nd2 Bb7 12. Rfd1 Rc8 13. Bf3 Qb6 14. b4 c5 15. bxc5 dxc5 16. Bxb7 Qxb7 17. Qb3 cxd4 18. exd4 Qc7 19. c5 e5 20. Rac1 exd4 21. Nce4 Qc6 22. Nxf6+ Nxf6 23. Nf3 Ne4 24. Bf4 Nxc5 25. Qb4 Rfe8 26. Nxd4 Qe4 27. Be3 Nd3 28. Rxc8 Nxb4 29. Rxe8+ Qxe8 30. axb4 Bf8 31. Nc2 Qe4 32. Rd2 Bxb4 33. Rd8+ Kg7 34. Bd4+ f6 35. Rd7+ Kf8 36. Rc7 Bd6 37. Rc8+ Ke7 38. g3 b4 39. Be3 b3 40. Nd4 b2 0-1

[Event "St Petersburg White Nights op"]
[Site "St Petersburg"]
[Date "2005.06.24"]
[Round "7"]
[White "Hort, Artur"]
[Black "Khatenever, Feliks"]
[Result "1-0"]
[WhiteElo "2125"]
[BlackElo "2037"]
[PlyCount "65"]
[EventDate "2005.06.18"]
[EventType "swiss"]
[EventRounds "9"]
[EventCountry "RUS"]
[SourceTitle "CBM 106 Extra"]
[Source "ChessBase"]
[SourceDate "2005.07.01"]
[SourceVersion "1"]
[SourceVersionDate "2005.07.01"]
[SourceQuality "1"]

1. d4 Nf6 2. c4 g6 3. Nc3 d5 4. cxd5 Nxd5 5. e4 Nxc3 6. bxc3 c5 7. Bc4 Bg7 8. Ne2 cxd4 9. cxd4 Nc6 10. Be3 0-0 11. 0-0 Na5 12. Rc1 Nxc4 13. Rxc4 b5 14. Rc5 b4 15. Qa4 a5 16. Re1 Bd7 17. Qb3 Rb8 18. Qc4 e6 19. Bf4 Rb7 20. f3 f5 21. Bc7 Qh4 22. Bg3 Qd8 23. exf5 Rxf5 24. Nf4 Rxc5 25. dxc5 Kh8 26. Nxe6 Bxe6 27. Qxe6 Bd4+ 28. Kh1 Bc3 29. c6 Bxe1 30. cxb7 Bxg3 31. Qc8 Bc7 32. Qxd8+ Bxd8 33. b8Q 1-0

[Event "St Petersburg White Nights op"]
[Site "St Petersburg"]
[Date "2005.06.21"]
[Round "4"]
[White "Hort, Artur"]
[Black "Fedoseev, Sergey"]
[Result "0-1"]
[WhiteElo "2125"]
[BlackElo "2302"]
[PlyCount "80"]
[EventDate "2005.06.18"]
[EventType "swiss"]
[EventRounds "9"]
[EventCountry "RUS"]
[SourceTitle "CBM 106 Extra"]
[Source "ChessBase"]
[SourceDate "2005.07.01"]
[SourceVersion "1"]
[SourceVersionDate "2005.07.01"]
[SourceQuality "1"]

1. d4 Nf6 2. c4 d6 3. Nc3 Nbd7 4. Nf3 e5 5. e4 g6 6. Be2 Bg7 7. 0-0 0-0 8. Re1 exd4 9. Nxd4 Re8 10. Bf1 Nc5 11. f3 a5 12. Be3 Nh5 13. Qd2 Be5 14. g3 Ng7 15. Rad1 Bd7 16. Bg2 c6 17. Nde2 Be6 18. b3 f5 19. exf5 Nxf5 20. Bf2 Qf6 21. f4 Bxc3 22. Nxc3 Rad8 23. Qc2 Bf7 24. Rxe8+ Rxe8 25. Qd2 h5 26. Bh3 Re6 27. Bg2 Qe7 28. Bxc5 dxc5 29. Qd8+ Kg7 30. Qxe7 Rxe7 31. Kf2 Nd4 32. Rd2 b5 33. cxb5 cxb5 34. Ne4 Rc7 35. Kf1 Nf5 36. Ke2 c4 37. bxc4 Rxc4 38. h3 Ra4 39. Nc3 Ra3 40. Nxb5 Bc4+ 0-1

[Event "St Petersburg Chigorin CC-ch"]
[Site "St Petersburg"]
[Date "2005.05.18"]
[Round "3"]
[White "Hort, Artur"]
[Black "Smirnov, Leonid G"]
[Result "1/2-1/2"]
[WhiteElo "2125"]
[BlackElo "2000"]
[PlyCount "92"]
[EventDate "2005.05.16"]
[EventType "swiss"]
[EventRounds "9"]
[EventCountry "RUS"]
[SourceTitle "EXT 2006"]
[Source "ChessBase"]
[SourceDate "2005.11.24"]
[SourceVersion "1"]
[SourceVersionDate "2005.11.24"]
[SourceQuality "1"]

1. d4 Nf6 2. c4 e6 3. Nc3 d5 4. Bg5 Be7 5. e3 c6 6. Nf3 Ne4 7. Bxe7 Qxe7 8. Qb3 Nxc3 9. bxc3 0-0 10. Be2 Nd7 11. 0-0 f5 12. cxd5 exd5 13. c4 dxc4 14. Bxc4+ Kh8 15. Rfe1 Qf6 16. Rab1 Nb6 17. Bd3 Be6 18. Qc2 Bd5 19. Ne5 g6 20. a4 Qg7 21. a5 Nc8 22. a6 Nb6 23. axb7 Qxb7 24. f3 Rac8 25. Rec1 Rf6 26. Ra1 Qe7 27. Qc5 Qg7 28. e4 Bg8 29. Ba6 Re8 30. Re1 fxe4 31. fxe4 Rfe6 32. Bd3 Qe7 33. Qc3 c5 34. Nf3 cxd4 35. Qxd4+ Qg7 36. Qxg7+ Kxg7 37. Rxa7+ R6e7 38. Rea1 Bc4 39. Bxc4 Nxc4 40. R1a4 Rxa7 41. Rxa7+ Kh6 42. g4 Ne5 43. g5+ Kh5 44. Rxh7+ Kg4 45. Nxe5+ Rxe5 46. h4 Rxe4 1/2-1/2

[Event "St Petersburg Chigorin CC-ch"]
[Site "St Petersburg"]
[Date "2005.05.16"]
[Round "1"]
[White "Hort, Artur"]
[Black "Sivokho, Sergey V"]
[Result "0-1"]
[WhiteElo "2125"]
[BlackElo "2475"]
[PlyCount "86"]
[EventDate "2005.05.16"]
[EventType "swiss"]
[EventRounds "9"]
[EventCountry "RUS"]
[SourceTitle "EXT 2006"]
[Source "ChessBase"]
[SourceDate "2005.11.24"]
[SourceVersion "1"]
[SourceVersionDate "2005.11.24"]
[SourceQuality "1"]

1. d4 Nf6 2. c4 c5 3. d5 b5 4. cxb5 a6 5. b6 d6 6. Nc3 g6 7. e4 Bg7 8. Be2 0-0 9. Nf3 Nbd7 10. 0-0 Nxb6 11. Nd2 e6 12. Nc4 exd5 13. exd5 Re8 14. Re1 Bb7 15. Bg5 Qc7 16. Nxb6 Qxb6 17. Rb1 a5 18. Qd2 Qb4 19. Bf3 Ba6 20. Bf4 Bf8 21. Be3 Nd7 22. a3 Qb3 23. Bd1 Qb7 24. Ba4 Rab8 25. f3 Qc7 26. Ne4 Bb5 27. Bxb5 Rxb5 28. Bf4 Qb6 29. Re2 Rb3 30. Qe1 c4+ 31. Kh1 c3 32. Nxc3 Rxe2 33. Nxe2 Rxb2 34. Nc3 Rxb1 35. Nxb1 Qd4 36. Bd2 a4 37. Nc3 Ne5 38. Be3 Qc4 39. h3 Bg7 40. Ne4 Qd3 41. Qb4 Qb3 42. Qxd6 h6 43. Bd2 Nxf3 0-1